100 Biggest Cities in Italy - Statistics

General Stats
  • This quiz has been taken 120 times
  • The average score is 43 of 100
Answer Stats
Rank Population Answer % Correct
3 914,758 Naples
99%
5 630,828 Palermo
99%
1 2,761,632 Rome
99%
4 848,885 Turin
99%
2 1,371,498 Milan
98%
8 367,150 Florence
96%
6 560,688 Genoa
95%
7 392,203 Bologna
93%
9 316,140 Bari
92%
12 254,661 Venice
92%
55 89,828 Pisa
88%
11 257,274 Verona
88%
10 298,324 Catania
84%
27 148,881 Cagliari
79%
16 200,594 Trieste
79%
18 196,655 Parma
76%
35 120,207 Bergamo
74%
13 220,094 Messina
72%
17 196,850 Brescia
71%
20 185,644 Modena
70%
14 208,732 Padua
69%
61 83,626 Como
65%
26 150,051 Rimini
63%
39 116,447 Syracuse
63%
46 97,761 Udine
63%
36 119,406 Pescara
60%
25 154,177 Livorno
59%
24 156,080 Ravenna
58%
30 128,105 Salerno
56%
45 98,664 Ancona
55%
37 118,509 Trento
55%
51 95,253 Lecce
54%
21 171,800 Reggio Calabria
54%
19 189,171 Taranto
54%
33 122,099 Monza
53%
42 107,025 Bolzano-Bozen
52%
29 131,091 Ferrara
50%
23 163,598 Perugia
50%
53 92,216 La Spezia
46%
57 89,219 Lucca
45%
22 169,029 Reggio Emilia
45%
40 110,675 Vicenza
45%
28 146,379 Foggia
44%
34 121,657 Sassari
44%
62 83,169 Brindisi
43%
15 200,762 Prato
42%
31 127,221 Latina
40%
43 102,902 Piacenza
39%
44 101,727 Novara
38%
59 85,544 Catanzaro
36%
81 70,943 Cremona
36%
54 90,987 Alessandria
34%
48 96,672 Arezzo
34%
41 107,314 Terni
34%
69 78,875 Varese
33%
49 96,307 Cesena
32%
38 116,861 Forlì
31%
60 84,793 Treviso
30%
64 81,440 Grosseto
29%
80 71,159 Pavia
29%
77 72,690 Ragusa
29%
74 73,539 Asti
28%
91 63,713 Cosenza
28%
84 69,508 L’Aquila
28%
87 66,423 Massa
28%
67 80,071 Marsala
25%
56 89,501 Pistoia
25%
89 64,786 Potenza
24%
83 69,592 Imola
23%
50 95,753 Pesaro
23%
52 92,466 Barletta
22%
78 72,025 Carpi
22%
98 60,434 Carrara
22%
76 73,068 Caserta
22%
100 59,869 Matera
22%
90 64,486 Trapani
20%
88 65,987 Viterbo
20%
66 80,625 Fiumicino
19%
99 60,385 Olbia
19%
47 97,173 Andria
18%
63 82,981 Busto Arsizio
18%
32 122,935 Giugliano in Campania
18%
79 71,708 Gela
17%
65 80,825 Torre del Greco
16%
97 60,936 Viareggio
13%
86 67,110 Lamezia Terme
12%
68 79,732 Sesto San Giovanni
12%
95 62,322 Vittoria
12%
70 76,290 Pozzuoli
11%
73 73,887 Aprilia
9%
93 63,161 Castellammare di Stabia
9%
82 69,668 Altamura
8%
75 73,492 Casoria
8%
58 88,237 Guidonia Montecelio
8%
85 68,430 Quartu Sant'Elena
8%
94 62,384 Vigevano
8%
96 61,881 Afragola
7%
71 74,534 Cinisello Balsamo
7%
92 63,641 Pomezia
4%
72 73,920 Corigliano-Rossano
3%
No matching quizzes found
Score Distribution
Percent of People with Each Score
Percentile by Number Answered
Your Score History
You have not taken this quiz